00901nam a2200265Ia 450000500170000000800410001702000150005804100080007310000180008124501050009925000220020426400350022630000400026133600270030133700330032833800280036149000280038965000470041765000380046465000270050270000300052970000300055904000350058908400110062420220316235244.0121119s1993 ve a gr 000 j spa  a98025713931 aspa1 aDyan, Sheldon13aEl canto de las ballenascSheldon Dyan ; ilustraciones de Gary Blythe ; traducción, Nelson Rivera aPrimera edición 1aCaracasbEdiciones Ekarec1993 a32 páginasbilustracionesc24 cm. atextobtxt2rdacontent asin mediaciónbn2rdamedia avolumenbnc2rdacarrier0 aLibros de todo el mundo142LEMBaCuentos infantiles inglesesvCuentos142LEMBaLiteratura infantil inglesa142LEMBaBallenasvCuento1 aBlythe, Gary eilustrador1 aRivera, Nelsonetraductor aCO-BoRNBPbspaerdacCO-BoRNBP aA SHE3